000
00261nam a2200109Ia 4500
008
190216s9999||||xx |||||||||||||| ||und||
100
_a
Dr.Sood Conpler P S
245
0
_a
Every Day Jocks
260
_b
Hind Pocket Books Pvt Ltd
650
_a
English
942
_c
BK
999
_c
13347
_d
13347